000 00489nam a2200193Ia 4500
005 20240823033603.0
008 240823s9999||||xx |||||||||||||| ||und||
020 _a81-7366-945-7
041 _aENGLISH
082 _A005.432 P5
100 _aRoderick W Smith
245 0 _aLinux in a Windows World
250 _a1st
260 _c2005
_b"Shroff Publishers and Distributers Pvt.Ltd,M"
500 _aTRANSFERED
650 _aLinux
_bComputer Science
942 _cBK
999 _c196179
_d196179